00351 a2200109 4500001001000000005001700010008004100027245007200068100002100140773006300161999001700224ART_4463820260410162002.0260409a 10aLa aplicación penal más benigna y los delitos de lesa humanidad1 aBadeni, Gregorio0 tPensar en derechog- Año 5, Nº 10 (oct. 2017)wREV28996 c31354d31354